000 005000000a22001570004500
003 MACL
005 20171123132920.0
008 171123b xxu||||| |||| 00| 0 eng d
040 _cMACL
100 _aडाॅ राधेश्‍याम
_919669
245 _aडॉ भीमराव अम्‍बेडकर
260 _bहिन्‍दी सेवा सदल
_c2001
_aमथुरा
350 _a30
650 _aचिन्‍ड्रन
_966196
942 _cHIN
_k741.642
_2ddc
999 _c9125
_d9125